ბათუმის შოთა რუსთაველის სახელმწიფო უნივერსიტეტის ბიბლიოთეკა

იურიდიული ენციკლოპედია : (ბიბ.ჩანაწერი № 49436)

000 -ლიდერი
ფიქსირებული სიგრძის საკონტროლო ველი 01480nam a2200241Ia 4500
001 - საკონტროლო ნომერი
საკონტროლო ველი 16359
003 - საკონტროლო ნომრის იდენტიფიკატორი
საკონტროლო ველი GE_BSU
005 - ბოლო ოპერაციის თარიღი და დრო
საკონტროლო ველი 20221117114432.0
008 - ფიქსირებული სიგრძის მონაცემთა ელემენტები - ზოგადი ინფორმაცია
ფიქსირებული სიგრძის საკონტროლო ველი 181216s2008||||ge |||||||||||||| ||geo||
020 ## - წიგნის საერთაშორისო სტანდარტული ნომერი
International Standard Book Number 9789941100185
040 ## - კატალოგიზაციის წყარო
Transcribing agency GE_BSU
041 ## - ენის კოდი
Language code of text/sound track or separate title geo
080 ## - უნივერსალური ათობითი კლასიფიკაციის ინდექსი
Universal Decimal Classification number 34(031) თ-42
100 ## - მთავარი ჩანაწერი - პიროვნების სახელი
Personal name თეზელიშვილი, სოლომონ
9 (RLIN) 12293
245 ## - ცნობა სათაურის შესახებ
Title იურიდიული ენციკლოპედია :
Remainder of title ფართო სპექტრის მქონე ძირითად ტერმინთა (5000), ქვეტერმინთა (20000) და სხვადასხვა განმარტება-მცნებათა (30000) რაოდენობა : პოლიტ. და ეკონ. ტერმინები მოცემულია სამართლებრივ ასპექტში /
Statement of responsibility, etc სოლომონ თეზელიშვილი ; [მთ. რედ. თამაზ ბარაბაძე].
264 ## - წარმოების, გამოცემის, დისტრიბუციის და სხვა ცნობები
გამოცემის, წარმოების, დისტრიბუციის... ადგილი თბილისი :
გამოცემის, წარმოების, დისტრიბუციის... სახელწოდება მერიდიანი,
გამოცემის, წარმოების, დისტრიბუციის... თარიღი 2008.
300 ## - ფიზიკური აღწერა
Extent 816 გვ.;
Other physical details 30 სმ.
520 ## - SUMMARY, ETC.
Summary, etc პოლიტ. და ეკონ. ტერმინები მოცემულია სამართლებრივ ასპექტში.
653 ## - INDEX TERM--UNCONTROLLED
Uncontrolled term ენციკლოპედია
653 ## - INDEX TERM--UNCONTROLLED
Uncontrolled term იურიდიული ენციკლოპედია
942 ## - ADDED ENTRY ELEMENTS (KOHA)
Koha item type წიგნი
Source of classification or shelving scheme
ეგზემპლარები
ჩამოწერის სტატუსი დაკარგული ეგზემპლარის სტატუსი კლასიფიკაციის წყარო ან თაროზე გაწყობის სქემა დაზიანების სტატუსი არ გაიცემა მუდმივი მდებარეობა (დაცვის ადგილი) ამჟამინდელი ადგილსამყოფელი თაროზე განთავსების ადგილი შეძენის თარიღი ღირებულება, შესყიდვის ნორმალური ფასი სრული შენახვის შიფრი შტრიხკოდი ბოლო ოპერაციის თარიღი ეგზემპლარის მიმდევრობითი ნომერი (კეტერი?) ფასის ძალაში შესვლის თარიღი ეგზემპლარის სახეობა საჯარო შენიშვნა
          ბათუმის შოთა რუსთაველის სახელმწიფო უნივერსიტეტის მთავარი ბიბლიოთეკა ბათუმის შოთა რუსთაველის სახელმწიფო უნივერსიტეტის მთავარი ბიბლიოთეკა წიგნსაცავი 2018-12-17 50.00 34(031) თ-42 40770 2018-12-17 40770 2018-12-17 წიგნი 50 ლ.
          ბათუმის შოთა რუსთაველის სახელმწიფო უნივერსიტეტის მთავარი ბიბლიოთეკა ბათუმის შოთა რუსთაველის სახელმწიფო უნივერსიტეტის მთავარი ბიბლიოთეკა წიგნსაცავი 2022-11-17 56.00 34(031) თ-42 29042 2022-11-17 29042 2022-11-17 წიგნი 56 ლ.
          ბათუმის შოთა რუსთაველის სახელმწიფო უნივერსიტეტის მთავარი ბიბლიოთეკა ბათუმის შოთა რუსთაველის სახელმწიფო უნივერსიტეტის მთავარი ბიბლიოთეკა წიგნსაცავი 2022-11-17 56.00 34(031) თ-42 29041 2022-11-17 29041 2022-11-17 წიგნი 56 ლ.
          ბათუმის შოთა რუსთაველის სახელმწიფო უნივერსიტეტის მთავარი ბიბლიოთეკა ბათუმის შოთა რუსთაველის სახელმწიფო უნივერსიტეტის მთავარი ბიბლიოთეკა წიგნსაცავი 2024-03-06 56.00 34(031) თ-42 67653 2024-03-06 67653 2024-03-06 წიგნი 56.00